Quizzes
Events
Quiz Creation
Community
Videos
Private Events
Remove Ads
Sign In
Join for FREE
Feedback
Dark Mode
Quiz Categories
Sports
Geography
Music
Movies
Television
Just For Fun
Miscellaneous
History
Literature
Language
Science
Gaming
Entertainment
Religion
Holiday
For Kids
Quiz Lab
Recent
Popular Today
Quiz Kudos Today
Editor Picks
Curator Picks
Quizzes by...
Day
Popularity
Type
Ratings
Length
Year
Community
Subscriptions
Recent Discussions
Orange Saloon
Badges
Playlists
Quests
Create
Leaderboards
Showdown
Live 5
Trivia Bingo
Activity
Puzzle Library
Sporcle Events
Private Events
Virtual Trivia
Globe League
Become a Host
Pub Owners
SporcleCon
Opinionation
Our Games
Videos
Blog
Mobile Apps
Partnerships
Remove Ads and Go Orange
Feedback
Geography
Country
Landmarks
City
State
Population
World
Capital
Continent
Flags
Europe
Africa
Asia
South America
North America
Oceania
Border
Canada
United Kingdom
Topography
United States
Geography
Country
Landmarks
City
State
Population
World
Capital
Continent
Flags
Europe
Africa
Asia
South America
North America
Oceania
Border
Canada
United Kingdom
Topography
United States
Random Quiz
Search Sporcle
×
Quiz Lab
Quiz Lab
Geography
City
Type in answers that appear in a list
Type in answers that appear in a list
Classic
Best Score? Go Orange.
Largest cities in the USSR, current names Stats
Can you name the Largest cities in the USSR?
By
Johan11
7m
30 Questions
691 Plays
691 Plays
691 Plays
Comments
Comments
Give Quiz Kudos
Give Quiz Kudos
-
- Ratings
hide this ad
Replay
Link that replays current quiz
Next Quiz
Link to next quiz in quiz playlist
You Got
0%
They Got
Avg Score
42%
Avg Friend Score
Upgrade to see
Score Distribution
Jump to the score distribution portion of the page
Score
0/30
Timer
07:00
0
Plays Today
Nation
City
% Correct
Russia
Moscow
99.6%
Ukraine
Kiev
93.2%
Belarus
Minsk
69.6%
Russia
Saint Petersburg
64.1%
Uzbekistan
Tashkent
61.5%
Latvia
Riga
56.9%
Ukraine
Odesa
51.1%
Azerbaijan
Baku
47.9%
Ukraine
Kharkiv
46%
Kyrgyzstan
Bishkek
44.1%
Russia
Volgograd
42.5%
Ukraine
Donetsk
41%
Georgia
Tbilisi
40.1%
Russia
Novosibirsk
39.7%
Ukraine
Lviv
39.7%
Nation
City
% Correct
Russia
Kazan
38.5%
Armenia
Yerevan
38.5%
Russia
Yekaterinburg
36.2%
Russia
Samara
35.3%
Russia
Omsk
35%
Russia
Nizhny Novgorod
31.7%
Russia
Perm
30.4%
Ukraine
Dnipropetrovsk
30.1%
Russia
Ufa
28.5%
Russia
Rostov-on-Don
25%
Russia
Chelyabinsk
21.9%
Russia
Krasnoyarsk
18.4%
Russia
Saratov
16.5%
Russia
Voronezh
12.7%
Ukraine
Zaporozhia
9%
Quiz Playlist
Details
Report
Send in Message
Add To Playlist
Classic:
Type in answers that appear in a list
Last Updated: Feb 3, 2019
Quiz Scoreboard
CHALLENGE
Sign Up to Join the Scoreboard
Show All
Scores
Hide
Comments
May contain spoilers
Recently Published
An Introduction to Baseball
by treessimontrees
Sports
5m
Movies - When Are They Set?
by FPL_Elf
Movies
5m
Popular People in 1961
by mucciniale
History
6m
More to Explore
Quiz From the Vault
Featured Blog Post
Where Did the Easter Bunny Come From?
hide this ad
You Might Also Like...
Tags
City Quiz
USSR
Today's Top Quizzes in Geography
Browse Geography
hide this ad
Today's Top Quizzes in City
Browse City
Top Contributed Quizzes in Geography
1
Countries of the World - No Outlines Minefield
2
Top 25 Cities of France on a map
3
Closest Countries to UK A-Z
4
Any capital of a 'B' country per Continent
5
One Thing in Common: United Kingdom
6
Find the Provinces of Canada - No Outlines Minefield
7
Any capital of a 'C' country per Continent
8
Blind Secret Country CLXXXVIII
9
Find the US States - No Outlines
10
Any capital of a 'D' country per Continent
Explore More
Trending Topics
Kpop
Anime
Harry Potter
Crossword
NBA
Marvel
Disney
WWE
NFL
Pokémon
Soccer
Country
Puzzle
Song
The Office
hide this ad
More By:
Johan11
Quiz
Plays
Rating
Category
Featured
Created
Largest cities in the USSR, current names
691
2.13
Geography
Sep 9, 2010
Cities of Pokémon
587
3.00
Gaming
Jan 16, 2011
Largest cities of Germany
463
3.67
Geography
Oct 11, 2010
Cars of Need for Madness 2
125
4.50
Gaming
Jan 16, 2011
Go to Creator's Profile
Score Distribution
Quiz Creator Spotlight
Johan11
Follow
Send a Message
Quizzes Created
-
Created Quiz Play Count
-
More By This Creator
Popular Quizzes Today
1
Find the Countries of Europe - No Outlines Minefield
2
Find the US States - No Outlines Minefield
3
The Countries of the World
4
Popular People in 1961
5
US States
6
Find the US States
7
1-10 Letter E Words III
8
Risky Map Clicking: Biggest States A-Z
More Geography Quizzes
North America in 1755
Curator's Pick
Trending Quizzes
Risky Map Clicking: Least Populous States A-Z
1-10 Letter F Words
1-10 Letter G Words
One Thing in Common: United Kingdom
Not Quite an Element Typing Challenge
Recently Updated
Leaping Animals
pecheneg
Reality TV Shows (A-Z)
bhenderson79
Rickey Henderson's Hall of Fame Teammates
pecheneg
Champions League XIs: Arsenal
pecheneg
Quick Pick: Celebrities in WWE's Hall of Fame
aduchscher
A-Z Keypad Blitz II
pecheneg
Multiple Oscar Actors
pecheneg
Mystery Phrase Blitz: Oscar 'Best Actors'
pecheneg
F. Scott Fitzgerald Novels
LTH
Pick 3 Villains
ddd62291
Trending Topics
Crossword
Disney
Harry Potter
NBA
Kpop
Marvel
Anime
NFL
Soccer
Country
Pokémon
Puzzle
Song
WWE
The Office
Your Account Isn't Verified!
In order to create a playlist on Sporcle, you need to verify the email address you used during registration. Go to your
Sporcle Settings
to finish the process.
Report this User
Report this user for behavior that violates our
Community Guidelines
.
Details:
Send Report
Go to the Sporcle.com Mobile Site →
Comments